<?xml version="1.0" encoding="UTF-8"?>
<record
    xmlns:xsi="http://www.w3.org/2001/XMLSchema-instance"
    xsi:schemaLocation="http://www.loc.gov/MARC21/slim http://www.loc.gov/standards/marcxml/schema/MARC21slim.xsd"
    xmlns="http://www.loc.gov/MARC21/slim">

  <leader>00420nam a22001457a 4500</leader>
  <controlfield tag="005">20231102175012.0</controlfield>
  <controlfield tag="008">231016b2014    |||||||| |||| 00| 0 eng d</controlfield>
  <datafield tag="080" ind1=" " ind2=" ">
    <subfield code="a">341.5</subfield>
    <subfield code="b">WIT</subfield>
  </datafield>
  <datafield tag="100" ind1=" " ind2=" ">
    <subfield code="a">Withanage, Thushal</subfield>
  </datafield>
  <datafield tag="245" ind1=" " ind2=" ">
    <subfield code="a">The LLRC Report and international humanitarian law</subfield>
  </datafield>
  <datafield tag="260" ind1=" " ind2=" ">
    <subfield code="a">Colombo :</subfield>
    <subfield code="b">National Peace Council of Sri Lanka,</subfield>
    <subfield code="c">2014</subfield>
  </datafield>
  <datafield tag="300" ind1=" " ind2=" ">
    <subfield code="a">28p</subfield>
  </datafield>
  <datafield tag="650" ind1=" " ind2=" ">
    <subfield code="a">International humanitarian law</subfield>
  </datafield>
  <datafield tag="942" ind1=" " ind2=" ">
    <subfield code="c">RP</subfield>
  </datafield>
  <datafield tag="952" ind1=" " ind2=" ">
    <subfield code="0">0</subfield>
    <subfield code="1">0</subfield>
    <subfield code="2">ddc</subfield>
    <subfield code="4">0</subfield>
    <subfield code="7">0</subfield>
    <subfield code="a">MAIN</subfield>
    <subfield code="b">MAIN</subfield>
    <subfield code="d">2023-11-02</subfield>
    <subfield code="l">0</subfield>
    <subfield code="o">341.5 WIT</subfield>
    <subfield code="p">RAF2634</subfield>
    <subfield code="r">2023-11-02</subfield>
    <subfield code="w">2023-11-02</subfield>
    <subfield code="y">RP</subfield>
  </datafield>
  <datafield tag="999" ind1=" " ind2=" ">
    <subfield code="c">3892</subfield>
    <subfield code="d">3892</subfield>
  </datafield>
</record>
